[Event "Berdsk Maestro op 15th"]
[Site "Berdsk"]
[Date "2009.07.13"]
[Round "6"]
[White "Mukhin, Maxim"]
[Black "Tsepennikova, Tatyana"]
[Result "1/2-1/2"]
[WhiteElo "1971"]
[BlackElo "2128"]
[PlyCount "106"]
[EventDate "2009.07.08"]
[EventType "swiss"]
[EventRounds "9"]
[EventCountry "RUS"]
[SourceTitle "EXT 2022"]
[Source "ChessBase"]
[SourceDate "2021.10.06"]
[SourceVersion "1"]
[SourceVersionDate "2021.10.06"]
[SourceQuality "1"]

1. d4 Nf6 2. Nf3 g6 3. c4 Bg7 4. Nc3 0-0 5. e4 d6 6. Be2 e5 7. dxe5 dxe5 8. Qxd8 Rxd8 9. Bg5 c6 10. Nxe5 h6 11. Bf4 Re8 12. 0-0-0 Na6 13. Rhe1 g5 14. Bg3 Nc5 15. Bd3 Nh5 16. Nf3 Nxg3 17. hxg3 Nxd3+ 18. Rxd3 Be6 19. Nd2 b5 20. cxb5 cxb5 21. Kb1 Rad8 22. Rxd8 Rxd8 23. Nf1 b4 24. Rd1 Rd4 25. Rxd4 Bxd4 26. Nd1 Bc4 27. Nd2 Be2 28. Ne3 Bd3+ 29. Kc1 Kf8 30. Nd1 Ke7 31. Nb3 Bb6 32. Kd2 Bxe4 33. f3 Bb1 34. Nc1 Ke6 35. Ne3 Bd4 36. Nc2 Bxb2 37. Nxb4 Ba3 38. Nbd3 Bd6 39. f4 Kd5 40. Ne2 Kc4 41. Nb2+ Kb4 42. Nc3 Bxa2 43. Nd3+ Kb3 44. Nc1+ Kb2 45. N1xa2 gxf4 46. gxf4 Bxf4+ 47. Kd3 Be5 48. g4 a5 49. Kc4 a4 50. Kb4 a3 51. Kc4 f6 52. Kd3 Kb3 53. Kd2 Kb2 1/2-1/2

[Event "Kemerovo Sports School-ch"]
[Site "Kemerovo"]
[Date "2008.10.26"]
[Round "8"]
[White "Mukhin, Maxim"]
[Black "Bondar, Evgeniy"]
[Result "0-1"]
[WhiteElo "1981"]
[BlackElo "2202"]
[PlyCount "70"]
[EventDate "2008.10.18"]
[EventType "swiss"]
[EventRounds "9"]
[EventCountry "RUS"]
[SourceTitle "EXT 2022"]
[Source "ChessBase"]
[SourceDate "2021.10.06"]
[SourceVersion "1"]
[SourceVersionDate "2021.10.06"]
[SourceQuality "1"]

1. e4 c5 2. Nf3 e6 3. c3 d5 4. e5 Nc6 5. d4 Qb6 6. a3 a5 7. Be2 cxd4 8. cxd4 Nge7 9. Nc3 Nf5 10. Be3 Be7 11. 0-0 Bd7 12. g4 Nh4 13. Nxh4 Bxh4 14. Na4 Qc7 15. Nc5 0-0 16. Bd3 Be7 17. Rc1 f6 18. exf6 gxf6 19. Qc2 Rf7 20. f4 Bxc5 21. Qxc5 b6 22. Qc2 Qd6 23. Rf3 Rc8 24. Qf2 Rc7 25. Kh1 Bc8 26. Rg1 Kh8 27. f5 e5 28. dxe5 Nxe5 29. Bf4 Bb7 30. Qd4 Nxf3 31. Bxd6 Nxd4 32. Bxc7 Rxc7 33. Re1 Nf3 34. Re8+ Kg7 35. Kg2 Ne5 0-1

[Event "Kemerovo Sports School-ch"]
[Site "Kemerovo"]
[Date "2008.10.24"]
[Round "6"]
[White "Mukhin, Maxim"]
[Black "Trojan, Andrey"]
[Result "1-0"]
[WhiteElo "1981"]
[BlackElo "1835"]
[PlyCount "65"]
[EventDate "2008.10.18"]
[EventType "swiss"]
[EventRounds "9"]
[EventCountry "RUS"]
[SourceTitle "EXT 2022"]
[Source "ChessBase"]
[SourceDate "2021.10.06"]
[SourceVersion "1"]
[SourceVersionDate "2021.10.06"]
[SourceQuality "1"]

1. d4 d5 2. Nf3 e6 3. Bf4 Bd6 4. Bg3 f5 5. Ne5 Nf6 6. e3 Nbd7 7. Bd3 Qe7 8. Nd2 Bxe5 9. dxe5 Ng4 10. Nf3 Qb4+ 11. Qd2 Qxb2 12. 0-0 Qa3 13. h3 Nh6 14. c4 Nc5 15. Bc2 dxc4 16. Qd4 b6 17. Qxc4 Ba6 18. Qh4 Bxf1 19. Qh5+ Kf8 20. Rxf1 Nd7 21. Nd4 Nf7 22. Nxe6+ Kg8 23. Nxc7 g6 24. Qf3 Rc8 25. e6 Rxc7 26. exf7+ Kxf7 27. Qd5+ Ke8 28. Bxc7 Qe7 29. Qa8+ Kf7 30. Qxh8 Nc5 31. Qxh7+ Kf6 32. Qxe7+ Kxe7 33. Rd1 1-0